000 02631nam a22003497a 4500
005 20120921144049.0
010 _aB-481424-433
020 _a9788124301609
_c40.00
035 _aB-481424-433
037 _bBlue Berry/Ven
082 _aS
245 _aVikas stories for children:
_bGreen Book /
_ccompiled and edited by C.K.Sampat (and) Cecelia Powell ; illustrated by John Fernandes
260 _aNew Delhi
_bNavneet Publications
_c(201?)
270 _a2E/23, Orion Plaza, 2nd & 3rd Floor,Jhandewalan Extn.,
_bNew Delhi
_e110055
300 _a24p.
_b col.ill
_c26cm(pbk)
500 _aA collection of interesting stories written in simple and lucid language and illustrated with beautiful multicoloured pictures
700 _a Powell, Cecelia
_937773
700 _a Powell, Cecelia
_937774
700 _a Fernandes, John
_937775
942 _2ddc
_cCH
_mVIK
_hS
999 _c70200
_d70200